Pętle autobusowe w Krakowie - Statystyki

Ogólne statystyki
  • Ten quiz został rozwiązany 23 razy
  • Średni wynik to 45 z 86
Statystyki odpowiedzi
Dzielnica Wybrane linie % Poprawnych
Dworzec Główny Wschód 182, 192, 317
100%
Dworzec Główny Zachód 105, 129, 179
100%
Bronowice Małe 172, 248, 572
93%
Kombinat 132, 139, 174
93%
Cichy Kącik 159
86%
Czyżyny Dworzec 129, 152, 202
86%
Krowodrza Górka P+R 102, 168, 194
86%
Nowy Kleparz 120, 189, 301
86%
Plac Centralny im. R. Reagana 189
86%
Azory 130, 138, 173
79%
Chełmońskiego Pętla 168, 501, 511
79%
Czerwone Maki P+R 116, 223, 578
79%
Górka Narodowa P+R 169, 193, 503
79%
Mały Płaszów P+R 123, 195, 234
79%
Mistrzejowice 123, 178, 198
79%
Nowy Bieżanów P+R 133
79%
Prądnik Czerwony P+R 128, 184, 199
79%
Starowiślna 184
79%
Aleja Przyjaźni 103, 502, 572
71%
Cracovia Stadion 109, 134, 307
71%
Łagiewniki 106, 133, 178
71%
Mydlniki Wapiennik P+R 164, 199
71%
Pleszów 111, 131, 181
71%
Przybyszewskiego 139
71%
Ugorek 424
71%
Os. Kurdwanów 174, 179
64%
Podgórze SKA 127, 143, 158
64%
Prądnik Biały 144
64%
Rżąka 144, 195
64%
Zalew Nowohucki 501
64%
Bielany 102, 109
57%
Borek Fałęcki 151, 255, 285
57%
Cmentarz Olszanica 152
57%
Os. Piastów 105, 159
57%
Salwator 209, 259, 310
57%
Złocień 125
57%
ZOO 134
57%
Kopiec Kościuszki 100, 101
50%
Kostrze OSP 176, 476
50%
Lesisko 103, 149, 193
50%
Miejskie Centrum Opieki 153, 163, 513
50%
Os. Na Stoku 142, 182, 511
50%
Os. Podwawelskie 112, 124, 300
50%
Piaski Nowe 164
50%
Szpital Rydygiera 163
50%
Kliny Poranne 121
43%
Nowy Bieżanów Południe 173, 244, 503
43%
Os. Pod Fortem 136, 151, 194
43%
Plac Na Stawach 100
43%
Podgórki Tynieckie 116, 162
43%
Radzikowskiego Osiedle 140
43%
Sidzina 156, 175, 475
43%
Szpital Okulistyczny 149
43%
TAURON Arena Kraków Wieczysta 124
43%
Tonie 420
43%
Tyniec Kamieniołom 112
43%
Witkowice 317
43%
Zajezdnia Wola Duchacka 107, 169
43%
Bagry 127
36%
Kozienicka 196
36%
Kujawy 181
36%
Piaski Wielkie 169, 433, 469
36%
Przylasek Rusiecki 141
36%
Ruszcza 160
36%
Skotniki Szkoła 106, 496
36%
Swoszowice SKA 104, 155
36%
Zajezdnia Płaszów 128, 148
36%
Zesławice 122
36%
Bielany Obwodnica 146
29%
Bieżanów Potrzask 153
29%
Bodzów 176
29%
Cmentarz Prądnik Czerwony 442
29%
Prądnik Biały Zachód 513
29%
Soboniowice 107
29%
Węgrzynowice 110
29%
Żabiniec 147
29%
Centrum JP2 224
21%
Chałupki 131
21%
Galicyjska 113
21%
Grębałów 180
21%
Kokotów SKA 143
21%
Os. Gotyk 137
21%
Park Tetmajera 108
21%
Podwierzbie 158
21%
Siwka 183
21%
Wróżenice 171
21%
Nie znaleziono quizów pasujących do podanych kryteriów
Rozkład punktacji
Procent ludzi z każdym wynikiem
Percentyl według liczby udzielonych odpowiedzi
Twoja historia wyników
Nie rozwiązałeś tego quizu